| 000 | 00728nam2a22002531 4500 | ||
|---|---|---|---|
| 001 | RU\NLR\IC1\ROSSICA\1000001084 | ||
| 005 | 20250613192200.0 | ||
| 035 | _a(NLR Aleph) 009947280 | ||
| 090 |
_a10779758 _c10779758 |
||
| 100 | _a20040202d1858 |||y0rusy50 ca | ||
| 101 | 0 | _ager | |
| 102 | _aRU | ||
| 105 | _ay ||||000ay | ||
| 200 | 0 |
_aAbth.1. _fAngestellt von O.Struve |
|
| 210 |
_d1858 _aБ. м. |
||
| 461 | 0 |
_1001RU\NLR\INFOCOMM17\ROSSICA\1000269517 _12001#$aPulkowaer Beobachtungen des Grossen Cometen von 1858$vAbth.1. |
|
| 702 | 1 |
_aStruve _bO. _gOtto _4340 |
|
| 801 | 1 |
_aRU _bInfoComm _c20040202 |
|
| 801 | 0 |
_aRU _bNLR _gPSBO |
|
| 852 |
_aNLR _j13.15.1.238 |
||
| 942 | _cBOOK | ||
| 980 | _aNB | ||
| 980 | _aRossica | ||